|
|
|
|
| LEADER |
00000nab a2200000 a 4500 |
| 001 |
vtls009526193 |
| 003 |
SK-MaSNL |
| 005 |
20260304151202.0 |
| 008 |
250506c2009 xo |||||||||||000 b|slo |
| 015 |
|
|
|a SNBRB2009/06
|2 snkbucl
|
| 035 |
|
|
|a (uuid)5ac33a8f-2d75-4e67-8967-c6f81517bc8b
|
| 035 |
|
|
|a urn:nbn:sk:snk-ab2xc7
|
| 035 |
|
|
|a (urnnbn)urn:nbn:sk:snk:ar-a032c5
|
| 038 |
|
|
|a SNKBUCL
|
| 040 |
|
|
|a SNKBUCL
|b slo
|c SNKBUCL
|e AACR2
|
| 041 |
0 |
|
|a slo
|
| 044 |
|
|
|a xo
|c SK
|
| 080 |
|
|
|a 582.671
|2 2001
|
| 080 |
|
|
|a 635.926
|2 2001
|
| 100 |
1 |
|
|a Májsky, Jozef,
|d 1954-
|4 aut
|9 175536
|
| 245 |
1 |
0 |
|a Viktória kráľovská
|b obor medzi leknami
|c Jozef Májsky
|
| 300 |
|
|
|b Fotogr.
|
| 650 |
0 |
7 |
|a viktória kráľovská
|2 snkbucl
|9 1472473
|
| 650 |
0 |
7 |
|a lekná
|2 snkbucl
|9 14518
|
| 773 |
0 |
|
|t Quark
|g Roč. XV, č. 1 (2009), s. 24-25
|x 1335-4000
|
| 850 |
|
|
|a Slovenská národná knižnica
|
| 852 |
|
|
|a Slovenská národná knižnica
|
| 954 |
|
|
|a odborná, vedecká literatúra pôvodná (slovenská)
|2 lita
|
| 958 |
|
|
|a article2022
|
| 958 |
|
|
|a OND
|
| 958 |
|
|
|a EUIPO
|
| 999 |
|
|
|c 2942011
|d 2943941
|